000 00886nas a2200289 4500
001 BR0807623
003 BR-BrBNA
005 20231205112714.0
007 ta
008 230509b bl.|||p| |||| 00| 00por d
040 _aBR-BrBNA
_bpor
_cBiblioteca Nacional de Agricultura
041 _a(En)
072 _aF60
100 1 _aSantos, M.G. dos
100 1 _aRibeiro, R.V.
100 1 _aTeixeira, M.G.
100 1 _aOliveira, R.F. de
100 1 _aPimentel, C.
245 1 _aFoliar phosphorus supply and CO 2 assimilation in common bean (Phaseolus vulgaris L.)under water deficit
650 _aFEIJÃO
650 _aBIOLOGIA VEGETAL
650 _aFÓSFORO
650 _aÀGUA
773 0 _tBrazilian Journal of Plant Physiology (Brazil)
_xISSN 1677-0420
_g(Jul-Sep 2006), v. 18(3) p. 407-411
_wBR0807623
909 _a202311
_bLúcia
_c55
_dLúcia Elande
942 _2AGRIS
_n0
_cANA
999 _c199490
_d199490